Estadísticas para Países donde el Mar se Congela

Haz click aquí para intentar la prueba.

Estadísticas generales

  • Esta prueba ha sido intentada 2.127 veces
  • La puntuación promedio es 14 de 16

Estadísticas de respuestas

País% Correcto
Rusia
99%
Canadá
98%
Noruega
98%
Suecia
97%
Estados Unidos
96%
Finlandia
96%
Groenlandia (Dinamarca)
95%
Japón
87%
Estonia
83%
China
82%
Letonia
81%
Lituania
81%
Alemania
77%
Polonia
75%
Corea del Norte
73%
Ucrania
47%

Distribución de puntuación

Porcentaje por número respondido

Porcentaje de gente con cada puntuación

Historial de tus puntuaciones

No has intentado esta prueba.